| 000 | 00351nam a22001217a 4500 | ||
|---|---|---|---|
| 008 | 230621b xxu||||| |||| 00| 0 eng d | ||
| 082 |
_a328.06 _bIPU |
||
| 100 | _cInter parliamentary Union | ||
| 245 |
_a122nd IPU Assembly and Related Meetings _bResults od the proceedings |
||
| 260 |
_aBangkok, Thailand _bIPU _c2010 |
||
| 300 | _a231p | ||
| 942 |
_2ddc _cBK |
||
| 999 |
_c2067 _d2067 |
||